[Event "1st Radzikowskiej Mem"]
[Site "Warsaw POL"]
[Date "2011.08.11"]
[Round "8"]
[White "Foisor,C"]
[Black "Leks,M"]
[Result "1-0"]
[WhiteElo "2427"]
[BlackElo "2082"]

1.c4 c6 2.Nc3 Nf6 3.Nf3 d5 4.e3 g6 5.cxd5 cxd5 6.Bb5+ Bd7 7.Qb3 e6 8.Ne5 Qc7
9.Nxd7 Nbxd7 10.d4 a6 11.Be2 h5 12.Bd2 b6 13.Rc1 Qb7 14.O-O Bd6 15.f4 O-O
16.h3 Kg7 17.Be1 Rac8 18.g4 hxg4 19.hxg4 Rh8 20.Kg2 Rh7 21.Bg3 Rch8 22.Rh1 Rxh1
23.Rxh1 Rxh1 24.Kxh1 b5 25.g5 Ng8 26.Nd1 Nb6 27.Qc2 Ne7 28.Bd3 Qb8 29.Qh2 Qh8
30.Qxh8+ Kxh8 31.Kg2 Nf5 32.Be1 Kg7 33.Kf3 Kf8 34.b3 Ke7 35.Ba5 Nd7 36.a4 bxa4
37.bxa4 Nb8 38.Bc3 f6 39.Nf2 fxg5 40.fxg5 Kf7 41.Ng4 Ne7 42.Be1 Nec6 43.Bg3 Bxg3
44.Kxg3 a5 45.Kf4 Kg7 46.Bb5 Kf8 47.Bd3 Kg7 48.Ne5 Ne7 49.Bb5 Nf5 50.Be8 Na6
51.Bxg6 Nd6 52.Bb1 Nb4 53.Nd3 Nc4 54.Nc5 Kf7 55.Bd3 Nxd3+ 56.Nxd3 Nb6 57.Nc5 Nc4
58.e4 dxe4 59.Kxe4 Ke7 60.Kf4 Kf7 61.Kg4 Ne3+ 62.Kh5 Nf5 63.Nb7 Nxd4 64.Nxa5 Kg7
65.Nc4 Nb3 66.a5 Nc5 67.Ne5 Na6 68.Kg4 Kf8 69.Kf4 Ke7 70.Ke3 Nc7 71.Kd4 Kd6
72.g6 Ne8 73.Nc4+ Kc6 74.Ke5 Ng7 75.Kf6 Nh5+ 76.Kxe6 Nf4+ 77.Kf7 Nxg6  1-0

[Event "22nd ch-NATO"]
[Site "Kaunas LTU"]
[Date "2011.08.12"]
[Round "7.6"]
[White "Vaznonis,V"]
[Black "Kapral,K"]
[Result "1-0"]
[WhiteElo "2395"]
[BlackElo "2157"]

1.c4 c6 2.e4 d5 3.exd5 cxd5 4.d4 Nf6 5.Nc3 g6 6.Bg5 dxc4 7.Bxc4 Bg7 8.Nf3 O-O
9.O-O Bg4 10.Re1 Nc6 11.d5 Bxf3 12.Qxf3 Nd4 13.Qd3 Nf5 14.a3 Rc8 15.Ba2 a6
16.Re2 Re8 17.h3 Qb6 18.Rae1 Kf8 19.g4 Nd6 20.Be3 Qd8 21.Na4 Nd7 22.Bg5 Nf6
23.b4 Nb5 24.Bf4 Nd7 25.Re3 Nc3 26.d6 e6 27.Nxc3 Rxc3 28.Qe4 Rxe3 29.Qxe3 Qb8
30.Rc1 e5 31.Rc7 exf4 32.Qxf4 Re1+ 33.Kg2 Qe8 34.Rc8 f6 35.Qc4  1-0

[Event "Botvinnik 100th Open"]
[Site "St Petersburg RUS"]
[Date "2011.08.12"]
[Round "1"]
[White "Yakovich,Yur"]
[Black "Butuc,M"]
[Result "1-0"]
[WhiteElo "2539"]
[BlackElo "2172"]

1.c4 c6 2.d4 d5 3.Nc3 Nf6 4.e3 a6 5.Bd3 Bg4 6.Qb3 Ra7 7.Nge2 Bxe2 8.Bxe2 e6
9.O-O Be7 10.e4 dxc4 11.Qxc4 b5 12.Qd3 Rd7 13.e5 Nd5 14.Qg3 Nxc3 15.bxc3 g6
16.Bh6 Bf8 17.Qe3 Bxh6 18.Qxh6 Qe7 19.Qg7 Qf8 20.Qf6 Rg8 21.a4 Qe7 22.Qf4 g5
23.Qe4 Rg6 24.axb5 cxb5 25.c4 Kf8 26.cxb5 axb5 27.Bxb5 Rd8 28.Rfb1 Kg7 29.Be2 Kh8
30.Rb7 Qf8 31.Raa7 Rg7 32.g3 Qe8 33.Bb5 Qf8 34.Bc4 Qe8 35.Rc7 Kg8 36.d5  1-0

[Event "e2e4 Int Masters A"]
[Site "Sunningdale ENG"]
[Date "2011.08.12"]
[Round "5"]
[White "Ubilava,E"]
[Black "Poobalasingam,P"]
[Result "1-0"]
[WhiteElo "2533"]
[BlackElo "2299"]

1.c4 c6 2.d4 d5 3.Nf3 Nf6 4.Nc3 g6 5.Qb3 Bg7 6.cxd5 Nxd5 7.e4 Nb6 8.Be3 h6
9.Rd1 O-O 10.h3 Be6 11.d5 cxd5 12.exd5 Bd7 13.Nd4 Be8 14.Be2 Qc8 15.O-O N8d7
16.Ndb5 Qb8 17.Qb4 Nc8 18.d6 Nxd6 19.Nxd6 exd6 20.Rxd6 b5 21.Rfd1 Ne5 22.Nxb5 Bxb5
23.Qxb5 g5 24.b3 Rc8 25.Qxb8 Raxb8 26.Ra6 Nc6 27.Bf3 Nb4 28.Rxa7 Rd8 29.Rxd8+ Rxd8
30.a4 f5 31.a5 f4 32.Bc5 Nd3 33.Bb6 Rd6 34.Rb7  1-0

[Event "10th Lichtenberger Sommer"]
[Site "Berlin GER"]
[Date "2011.08.13"]
[Round "1.30"]
[White "Schmalzried,V"]
[Black "Dimitrijeski,K"]
[Result "0-1"]
[WhiteElo "1870"]
[BlackElo "2198"]

1.c4 c6 2.Nc3 d5 3.cxd5 cxd5 4.Nf3 Nc6 5.g3 d4 6.Ne4 e5 7.d3 f5 8.Ned2 Nf6
9.Bg2 e4 10.dxe4 fxe4 11.Ng5 e3 12.Nde4 exf2+ 13.Nxf2 Bb4+ 14.Bd2 Bxd2+ 15.Qxd2 O-O
16.O-O h6 17.Nf3 Bg4 18.Rad1 Qb6 19.Kh1 Rad8 20.b3 Bh5 21.Qd3 Rfe8 22.Rd2 Nd5
23.Nd1 Ne3 24.Rf2 Nxg2 25.Kxg2 Bf7 26.Nb2 Nb4 27.Qf5 Bg6 28.Qg4 Re4 29.Qh3 Qc7
30.Nh4 Bf7 31.Qf5 Re5 32.Qb1 Qc3 33.Nd3 Ree8 34.Qd1 Nd5 35.Kg1 Ne3 36.Qc1 Rc8
37.Qe1 Bd5 38.Nf5 Rc6 39.Nxd4 Qxd4 40.Nf4 Qc3 41.Nxd5 Nxd5 42.e4 Nf6 43.Rfe2 Qc5+
44.Kg2 Rce6  0-1

[Event "6th Ptuj Open"]
[Site "Ptuj SLO"]
[Date "2011.08.13"]
[Round "2"]
[White "Vrban,R"]
[Black "Spalir,J"]
[Result "1-0"]
[WhiteElo "2033"]
[BlackElo "2155"]

1.c4 c6 2.b3 d5 3.Bb2 Bf5 4.Nf3 e6 5.g3 Nd7 6.Bg2 Ngf6 7.O-O Bd6 8.d3 O-O
9.Re1 Bg6 10.Nbd2 e5 11.Nh4 Qe7 12.Qc2 Qe6 13.a3 Ng4 14.h3 Ngf6 15.b4 Bh5
16.e4 d4 17.c5 Bc7 18.Nf5 Ne8 19.g4 Bg6 20.Rec1 f6 21.Bf3 Bf7 22.Bd1 g6 23.Nh6+ Kg7
24.Nxf7 Qxf7 25.Qc4 Qe7 26.Bb3 Bb8 27.Nf1 Nc7 28.Ng3 a5 29.Rf1 a4 30.Ba2 Rh8
31.Kg2 Nf8 32.Ne2 Nce6 33.Bc1 h5 34.Bd2 Bc7 35.Rh1 Qd7 36.Raf1 Re8 37.f3 h4
38.Rb1 Nh7 39.b5 Rhf8 40.bxc6 bxc6 41.Rhf1 f5 42.Qc1 Kh8 43.Bh6 Rf7 44.f4 fxg4
45.f5 gxf5 46.exf5 gxh3+ 47.Kh1 Nd8 48.Qe1 Rxf5 49.Qxh4 Nf7 50.Bg7+ Kxg7
51.Qg4+ Kh8 52.Qxf5 Qxf5 53.Rxf5 Nfg5 54.Rb7 e4 55.Rxc7 exd3 56.Nf4 Re1+
57.Kh2 Nf3+ 58.Kg3 Rg1+ 59.Kxf3 h2 60.Rh5  1-0

[Event "Split Open"]
[Site "Split CRO"]
[Date "2011.08.13"]
[Round "9.19"]
[White "Licina,Z"]
[Black "Mestrovic,J"]
[Result "1-0"]
[WhiteElo "2273"]
[BlackElo "1877"]

1.c4 c6 2.g3 e5 3.Bg2 g6 4.d4 d6 5.Nc3 Bg7 6.dxe5 dxe5 7.Qxd8+ Kxd8 8.b3 Bf8
9.Bb2 f6 10.O-O-O+ Nd7 11.Ne4 Kc7 12.e3 Be7 13.f4 Nh6 14.Nf3 Nf7 15.Rhe1 Re8
16.Nf2 Bb4 17.Rf1 Bc5 18.Rde1 f5 19.Kc2 h6 20.h4 a5 21.a3 Rb8 22.Bc3 Bxa3
23.Bxa5+ b6 24.Bc3 Bd6 25.Nd2 e4 26.g4 Bb7 27.gxf5 gxf5 28.Bh3 Bxf4 29.exf4 e3
30.Bxf5 c5 31.Bg6 Bg2 32.Bxf7 Re7 33.Bd5 Bxf1 34.Nxf1 Rbe8 35.Nd3 e2 36.Ng3 Re3
37.Nf5 Rh3 38.Kd2  1-0

[Event "Botvinnik 100th Open"]
[Site "St Petersburg RUS"]
[Date "2011.08.13"]
[Round "2"]
[White "Predke,A"]
[Black "Toivonen,Al"]
[Result "1/2-1/2"]
[WhiteElo "2450"]
[BlackElo "2292"]

1.c4 c6 2.e4 d5 3.exd5 cxd5 4.d4 Nf6 5.Nc3 g6 6.cxd5 Bg7 7.Qa4+ Nbd7 8.g3 O-O
9.Bg2 Nb6 10.Qb3 Bf5 11.Nge2 Bd3 12.d6 exd6 13.Bxb7 Rb8 14.Bf3 Qd7 15.O-O Qf5
16.Kg2 g5 17.Re1 g4 18.Bc6 Rfc8 19.Bb5 Qf3+ 20.Kg1 Nbd5 21.Nxd5 Rxb5 22.Ne7+ Kf8
23.Qa3 Rc2 24.Qxd6 Rxe2 25.Ng6+ Ke8 26.Rxe2+ Qxe2 27.Qc6+ Kd8 28.Qa8+ Kd7
29.Qxa7+ Ke8 30.Qa8+ Kd7 31.Bf4 hxg6 32.Rc1 Bc2 33.Qa7+ Ke8 34.Qa8+ Ke7 35.Qa3+ Kd7
36.Qa7+ Ke8  1/2-1/2

[Event "XX TCh-MKD"]
[Site "Struga MKD"]
[Date "2011.08.13"]
[Round "6"]
[White "Krstevski,V"]
[Black "Kutirov,R"]
[Result "1/2-1/2"]
[WhiteElo "2143"]
[BlackElo "2337"]

1.c4 c6 2.g3 d5 3.cxd5 cxd5 4.Bg2 Nc6 5.b3 e5 6.Bb2 Be6 7.Nf3 f6 8.O-O Bd6
9.d3 Nge7 10.Nc3 Qd7 11.Rc1 Rc8 12.a3 O-O 13.b4 d4 14.Ne4 h6 15.Nfd2 b6 16.Nxd6 Qxd6
17.Nc4 Qd7 18.b5 Nd8 19.a4 Bxc4 20.dxc4 Ne6 21.Ba3 Nc5 22.Bxc5 Rxc5 23.Qb3 Kh8
24.Rc2 Rd8 25.Rd1 Qg4 26.h3 Qe6 27.e3 Nf5 28.g4 Nh4 29.Bd5 Qc8 30.Ra2 dxe3
31.fxe3 f5 32.a5 bxa5 33.Rad2 Qb8 34.e4 f4 35.Kh1 Rcc8 36.Qa3 Qb6 37.Qe7 Nf3
38.Rg2 Rxc4 39.g5 Qc7 40.Qxc7 Rxc7 41.gxh6 gxh6 42.Rf1 Rc3 43.Rg6 Kh7 44.Ra6 Rd7
45.Rxa5 Ng5 46.Rfa1 Rcc7 47.R5a3 Re7 48.h4 Nf7 49.Ra6 h5 50.Rg1 Rc3 51.Kh2 Rg3
52.Rxg3 fxg3+ 53.Kxg3 Nh6 54.Be6 Kg7 55.Kf3 Rb7 56.Bc4 Re7 57.Be6 Rc7 58.Rc6 Rb7
59.Bc4 Ng4 60.Ra6 Re7 61.Be6 Nf6 62.Bf5 Rb7 63.Ra5 Re7 64.Ke3 Ne8 65.Ra6 Nf6
66.Kd3 Rb7 67.Kc4 Ne8 68.Re6 Kf7 69.Rxe5 Nd6+ 70.Kc5 Nxb5 71.Bc8 Rb6 72.Rxh5 Nd6
73.Bf5 Ra6 74.Rh7+ Kf8 75.h5 Nxf5 76.exf5 Kg8 77.Rc7 Ra5+ 78.Kd6 Rxf5 79.Rxa7 Rxh5  1/2-1/2

[Event "10th Lichtenberger Sommer"]
[Site "Berlin GER"]
[Date "2011.08.14"]
[Round "2.52"]
[White "Rohde,W"]
[Black "Koischwitz,W"]
[Result "1-0"]
[WhiteElo "2176"]
[BlackElo "1813"]

1.c4 c6 2.Nc3 Nf6 3.Nf3 d5 4.d4 e6 5.Qc2 Nbd7 6.e4 dxe4 7.Nxe4 Nxe4 8.Qxe4 Bb4+
9.Bd2 Bxd2+ 10.Nxd2 Nf6 11.Qe3 O-O 12.Be2 Qb6 13.O-O-O a5 14.Rhe1 a4 15.a3 Qa5
16.g4 b5 17.g5 Nd7 18.c5 Ba6 19.Bf3 Rac8 20.Ne4 b4 21.Nf6+ gxf6 22.gxf6 Kh8
23.Qh6 Rg8 24.Be4  1-0

[Event "10th Lichtenberger Sommer"]
[Site "Berlin GER"]
[Date "2011.08.14"]
[Round "3.68"]
[White "Becker,Uwe"]
[Black "Barwich,A"]
[Result "0-1"]
[WhiteElo "1791"]
[BlackElo "1959"]

1.c4 c6 2.Nc3 d5 3.cxd5 cxd5 4.d4 Nc6 5.Bf4 Nf6 6.e3 a6 7.a3 Bf5 8.Bd3 Bxd3
9.Qxd3 e6 10.Nf3 Rc8 11.O-O Nh5 12.Bg3 Nxg3 13.hxg3 f5 14.Rac1 Bd6 15.Kh2 O-O
16.Rh1 Qe7 17.Kg1 Rc7 18.Na4 h6 19.Nh4 Qf6 20.Nc3 Rfc8 21.f4 Na5 22.Kf2 Nc4
23.Rc2 Nxb2 24.Qd2 Nc4 25.Qd3 Nxa3 26.Rcc1 Bb4 27.Na2 Rxc1 28.Rxc1 Rxc1 29.Nxc1 Qd8
30.Na2 Bd6 31.Nf3 Qe7 32.Nc3 b5 33.Ne1 Bb4 34.Ne2 a5 35.Qb3 Qd7 36.Qb2 Bxe1+
37.Kxe1 b4 38.Kd2 Qb5 39.Qc1 Nc4+ 40.Ke1 a4 41.Kf2 a3 42.Qb1 Nd2 43.Qa2 Ne4+
44.Kf3 Qc4 45.Qa1 a2 46.g4 fxg4+  0-1

[Event "29th World Junior Girls"]
[Site "Chennai IND"]
[Date "2011.08.14"]
[Round "12.11"]
[White "Frayna,Janelle Mae"]
[Black "Eric,J"]
[Result "0-1"]
[WhiteElo "1875"]
[BlackElo "2282"]

1.c4 c6 2.g3 d5 3.Nf3 Bg4 4.Ne5 Bf5 5.Bg2 e6 6.cxd5 exd5 7.O-O Bd6 8.Nf3 Nf6
9.a3 Nbd7 10.Nc3 O-O 11.b4 a5 12.b5 Ne5 13.Nxe5 Bxe5 14.d4 Bd6 15.bxc6 bxc6
16.Bg5 Be7 17.Qa4 Qd7 18.Rfd1 Rfe8 19.Rac1 h6 20.Bf4 Qb7 21.Rd2 Bf8 22.Be5 Nd7
23.e4 Nxe5 24.dxe5 dxe4 25.Nxe4 Rxe5 26.Nd6 Bxd6 27.Rxd6 Rae8 28.Rdd1 Qb2
29.Bxc6 Rc8 30.Qf4 g5 31.Qd2 Qxd2 32.Rxd2 Re6 33.Rc5 Be4 34.Bxe4 Rxc5 35.Bd5 Re5
36.Bb7 Re1+ 37.Kg2 Ra1 38.Rd3 g4 39.Rd7 Rcc1 40.h3 Rg1+ 41.Kh2 Rgf1 42.Rd2 h5
43.Kg2 Rh1  0-1

[Event "20th ZMDI Open A"]
[Site "Dresden GER"]
[Date "2011.08.14"]
[Round "9.20"]
[White "Kovalev,An"]
[Black "Lampert,J"]
[Result "1-0"]
[WhiteElo "2531"]
[BlackElo "2164"]

1.c4 c6 2.e4 d5 3.exd5 cxd5 4.cxd5 Nf6 5.Nc3 Nxd5 6.Nf3 Nc6 7.Bc4 Nb6 8.Bb3 g6
9.d4 Bg7 10.d5 Na5 11.O-O Bxc3 12.bxc3 Nxb3 13.axb3 Qxd5 14.Be3 Qxd1 15.Rfxd1 Nd7
16.Nd4 O-O 17.Nb5 b6 18.Nc7 Rb8 19.Rxa7 Kg7 20.Nb5 Nc5 21.b4 Ne6 22.Rxe7 Ba6
23.Nd6 Be2 24.Rd2 Bh5 25.f3 g5 26.Ne4 Rfc8 27.Rdd7 Kf8 28.Nf6 Bg6 29.Nxh7+ Bxh7
30.Rxf7+ Kg8 31.Rxh7 Rxc3 32.Bxg5 Nxg5 33.Rdg7+ Kf8 34.Rxg5  1-0

[Event "29th World Junior Girls"]
[Site "Chennai IND"]
[Date "2011.08.15"]
[Round "13"]
[White "Fataliyeva,U"]
[Black "Nakhbayeva,G"]
[Result "0-1"]
[WhiteElo "2107"]
[BlackElo "2222"]

1.c4 c6 2.e4 d5 3.exd5 cxd5 4.cxd5 Nf6 5.Nc3 Nxd5 6.Bc4 Nb6 7.Bb3 Nc6 8.Nf3 Bf5
9.d4 e6 10.O-O Be7 11.a3 O-O 12.d5 exd5 13.Nxd5 Nxd5 14.Bxd5 Qb6 15.Qe2 Bf6
16.Ra2 Qc5 17.Bxc6 Qxc6 18.b4 Rad8 19.Rd2 h6 20.Qe3 Rxd2 21.Bxd2 Rd8 22.Rc1 Qa4
23.h3 Rd3 24.Qf4 Be6 25.Be3 Qxa3 26.Qb8+ Kh7 27.Qxa7 Qxb4 28.Qc5 Qxc5 29.Rxc5 Rd1+
30.Kh2 Be7 31.Rb5 Bd6+ 32.g3 Bd5 33.Ng1 Bc6 34.Rb2 b5 35.Rd2 Rxd2 36.Bxd2 b4
37.f4 b3 38.Bc1 Be7 39.Bb2 Bf6 40.Bxf6 gxf6  0-1

[Event "ch-FRA Accession"]
[Site "Caen FRA"]
[Date "2011.08.16"]
[Round "1.15"]
[White "Etrog,J"]
[Black "Saada,J"]
[Result "1/2-1/2"]
[WhiteElo "2188"]
[BlackElo "2310"]

1.c4 c6 2.e4 d5 3.exd5 cxd5 4.d4 Nf6 5.Nc3 g6 6.cxd5 Nxd5 7.Bc4 Nb6 8.Bb3 Bg7
9.Nf3 O-O 10.O-O Nc6 11.Be3 Bg4 12.h3 Bxf3 13.Qxf3 Bxd4 14.Rad1 e5 15.Bh6 Qh4
16.Bxf8 Rxf8 17.Nb5 Bxb2  1/2-1/2

[Event "ch-FRA National B"]
[Site "Caen FRA"]
[Date "2011.08.16"]
[Round "2"]
[White "Lagarde,Max"]
[Black "Fargere,Fr"]
[Result "1/2-1/2"]
[WhiteElo "2433"]
[BlackElo "2492"]

1.c4 c6 2.g3 d5 3.Bg2 Nf6 4.Nf3 g6 5.b3 Bg7 6.Bb2 O-O 7.O-O Bg4 8.d4 Nbd7
9.Nbd2 Re8 10.Ne5 Bf5 11.h3 Ne4 12.cxd5 cxd5 13.g4 Nxd2 14.Qxd2 Be6 15.f4 f6
16.f5 gxf5 17.gxf5 Bxf5 18.Rxf5 fxe5 19.dxe5 e6 20.Rh5 Nf8 21.Kh1 Ng6 22.Rg1 Rf8
23.Qd3 Rf4 24.Bc1 Rf7 25.Bf3 Rc8 26.Rxh7 Nxe5 27.Qb1 Nxf3 28.exf3 Qf6 29.f4 Qf5
30.Qxf5 exf5 31.Rh5 d4 32.Rhg5 Rc3 33.Ba3 Rxh3+ 34.Kg2 Rh6 35.Bc5 Kh7 36.Bxa7 Bf6
37.Rxf5 Rc7 38.Rd5 Rg6+ 39.Kh1 Rh6+ 40.Kg2 Rg6+ 41.Kh1 Rh6+  1/2-1/2

[Event "Botvinnik 100th Open"]
[Site "St Petersburg RUS"]
[Date "2011.08.16"]
[Round "5"]
[White "Maletin,P"]
[Black "Geller,J"]
[Result "1-0"]
[WhiteElo "2575"]
[BlackElo "2535"]

1.c4 c6 2.Nf3 d5 3.d4 Nf6 4.e3 e6 5.b3 Nbd7 6.Bd3 Bd6 7.Bb2 O-O 8.O-O b6
9.Ne5 Bb7 10.Nd2 c5 11.cxd5 exd5 12.f4 cxd4 13.exd4 Ne4 14.Nxe4 dxe4 15.Bc4 Nf6
16.Qe2 Rc8 17.Rac1 Rc7 18.Rc3 Qc8 19.a4 a6 20.Rfc1 Qf5 21.g3 Bb4 22.Be6 Qxe6
23.Rxc7 Qd5 24.Nc6 Bxc6 25.R7xc6 Qxb3 26.Rxb6 a5 27.Rbc6 h5 28.d5 Nxd5 29.Qxe4 Nxf4
30.Bxg7 Nh3+ 31.Kg2 Ng5 32.Qf5 Qe3 33.Bxf8 Qe2+ 34.Kh1 Nf3 35.Rg6+  1-0

[Event "Botvinnik 100th Open"]
[Site "St Petersburg RUS"]
[Date "2011.08.16"]
[Round "5"]
[White "Musalov,R"]
[Black "Butuc,M"]
[Result "1/2-1/2"]
[WhiteElo "2399"]
[BlackElo "2172"]

1.c4 c6 2.e4 d5 3.Nc3 dxe4 4.Nxe4 e5 5.Nf3 Nf6 6.d3 Nxe4 7.dxe4 Bb4+ 8.Bd2 Bxd2+
9.Qxd2 Qxd2+ 10.Kxd2 Nd7 11.g3 f6 12.Bh3 Nc5 13.Bxc8 Rxc8 14.Ke3 a5 15.Rhd1 Ke7
16.Nh4 g6 17.f4 Rcd8 18.Nf3 exf4+ 19.gxf4 Rhe8 20.h4 Nxe4 21.Kxe4 Kf7+ 22.Ne5+ fxe5
23.fxe5 Ke6 24.h5 gxh5 25.b3 Rg8 26.Rxd8 Rxd8 27.Rh1 Rd2 28.Rxh5 Re2+ 29.Kd4 c5+
30.Kd3 Rxa2 31.Rxh7 Kxe5 32.Rxb7 Kd6 33.Rb6+ Kc7 34.Rh6 a4 35.Rh7+ Kb6 36.Rh6+ Kc7
37.Rh5 Kc6 38.bxa4 Rxa4 39.Rh1 Kd6 40.Rh8 Kc6 41.Rh6+ Kc7  1/2-1/2

[Event "Botvinnik 100th Open"]
[Site "St Petersburg RUS"]
[Date "2011.08.16"]
[Round "5"]
[White "Kostyuchenko,V"]
[Black "Boychuk,E"]
[Result "1-0"]
[WhiteElo "2144"]
[BlackElo "1889"]

1.c4 c6 2.Nc3 d5 3.cxd5 cxd5 4.d4 Nf6 5.Bf4 Nc6 6.e3 Bf5 7.Qb3 Qd7 8.Nf3 Na5
9.Qb5 Qxb5 10.Nxb5 Rc8 11.Nxa7 Rc2 12.Ne5 Nc4 13.Bd3 Bxd3 14.Nxd3 Nxb2 15.Nxb2 Rxb2
16.O-O Nh5 17.Rfb1 Rxb1+ 18.Rxb1 Nxf4 19.exf4 e6 20.Rxb7 Bd6 21.Nb5 Bxf4
22.g3 Bg5 23.Nd6+ Kf8 24.Nxf7 Rg8 25.Nxg5 g6 26.Nxh7+  1-0

[Event "26th Teteven Open"]
[Site "Teteven BUL"]
[Date "2011.08.16"]
[Round "4.2"]
[White "Bratanov,Z"]
[Black "Nikolov,Sas"]
[Result "0-1"]
[WhiteElo "2457"]
[BlackElo "2412"]

1.c4 c6 2.Nf3 d5 3.e3 Nf6 4.b3 Bg4 5.Bb2 Nbd7 6.Nc3 e6 7.Be2 Bd6 8.O-O O-O
9.cxd5 exd5 10.Nd4 Bxe2 11.Ncxe2 Re8 12.f4 Bf8 13.Ng3 c5 14.Nf3 Ne4 15.Nxe4 dxe4
16.Ng5 h6 17.Nh3 a5 18.Qc2 a4 19.Nf2 Qe7 20.bxa4 Nb6 21.f5 Qd7 22.Ng4 Nxa4
23.Rab1 h5 24.Nf6+ gxf6 25.Ba1 Bg7 26.Qd1 b5 27.Rf2 Nb6 28.Qxh5 Rxa2 29.Rbf1 Rea8
30.Bxf6 Bxf6 31.Qh6 Nd5 32.g4 Bg7 33.Qh5 Nf6 34.Qh4 Rxd2 35.g5 Rxf2 36.Qxf2 Ng4  0-1

[Event "10th Lichtenberger Sommer"]
[Site "Berlin GER"]
[Date "2011.08.17"]
[Round "5.56"]
[White "Schmalzried,V"]
[Black "Gebert,R"]
[Result "1-0"]
[WhiteElo "1870"]
[BlackElo "2039"]

1.c4 c6 2.Nc3 d5 3.cxd5 cxd5 4.d4 Nc6 5.Nf3 Nf6 6.g3 e6 7.Bg2 Bd6 8.O-O O-O
9.Nb5 Bb8 10.Bg5 a6 11.Nc3 h6 12.Bd2 Ne4 13.e3 f5 14.Nxe4 fxe4 15.Ne1 e5
16.Bc3 exd4 17.Bxd4 Nxd4 18.Qxd4 Ba7 19.Qd2 Be6 20.Nc2 Rc8 21.Nd4 Bxd4 22.Qxd4 Rc4
23.Qe5 Re8 24.Rad1 Bf7 25.Qf5 Be6 26.Qf4 Qb6 27.b3 Rc2 28.f3 Rf8 29.Qe5 Qxe3+
30.Kh1 Re8 31.fxe4 Qe2 32.Rg1 Bf7 33.Qf5 dxe4 34.Rde1 Qd2 35.Rxe4 Rf8 36.Re7 b5
37.Rd7 Qe2 38.Re7 Qd2 39.Rd7 Qe2 40.Re7 Qf2 41.Qe4 Rxa2 42.Rf1 Qc5 43.Qb7 Rxg2
44.Rexf7 Rg1+ 45.Rxg1 Rxf7 46.Qa8+ Rf8 47.Qe4 Qc3 48.Qe6+ Kh8 49.Re1 Qd3
50.Kg2 Qf3+ 51.Kh3 Rd8 52.Qe4 Qxb3 53.Qg6 Qd3 54.Re8+ Rxe8 55.Qxd3 Rf8 56.Qd6 Rf6
57.Qd8+ Kh7 58.Kh4 Re6 59.g4 Rf6 60.Kg3 Kg6 61.h4 Kf7 62.Qd7+ Kg6 63.Qd3+ Kf7
64.g5 Re6 65.Kf4 hxg5+ 66.hxg5 b4 67.Qd7+ Re7 68.Qd5+ Ke8 69.Qc6+ Kd8 70.Qb6+ Rc7
71.Qxb4 Kc8 72.Qb6 Kd8 73.Qxa6 Rc1 74.Qe6 Rf1+ 75.Kg4 Rd1 76.Qg8+ Kc7 77.Qxg7+ Kd8
78.g6 Rg1+ 79.Kf5 Rf1+ 80.Ke6 Re1+ 81.Kf7 Re7+ 82.Kg8 Rxg7+ 83.Kxg7 Ke8 84.Kh8  1-0

[Event "XLV Mislata Open A"]
[Site "Mislata ESP"]
[Date "2011.08.17"]
[Round "4"]
[White "Martin Hernandez,R"]
[Black "Mingo Fernandez,M"]
[Result "0-1"]
[WhiteElo "2128"]
[BlackElo "2189"]

1.c4 c6 2.g3 d5 3.Bg2 Nf6 4.Nf3 Bf5 5.Qb3 Qb6 6.O-O e6 7.d3 Nbd7 8.Be3 Qxb3
9.axb3 a6 10.Na3 Bg4 11.Nc2 Be7 12.h3 Bxf3 13.Bxf3 O-O 14.Bg2 Rfd8 15.b4 Ne8
16.b3 Nd6 17.Ra2 Rac8 18.f4 g6 19.g4 Nb8 20.Bb6 Rf8 21.e4 dxe4 22.dxe4 Nd7
23.Be3 e5 24.Rd1 Rfd8 25.Ne1 Ne8 26.Rad2 exf4 27.Bxf4 Nf8 28.Rxd8 Rxd8 29.Rxd8 Bxd8
30.Nd3 Ne6 31.Be3 N8c7 32.e5 Be7 33.Kf2 Kf8 34.Kg3 Ke8 35.h4 Ng7 36.Be4 Kd7
37.Bd2 Nge6 38.Bc3 b6 39.Bg2 c5 40.bxc5 Nxc5 41.Nxc5+ Bxc5 42.b4 Bf8 43.Bb7 Be7
44.g5 Bf8 45.Kf3 Be7 46.Ke4 Bf8 47.Kd3 Be7 48.Kc2 Bf8 49.Kb3 b5 50.c5 h6
51.gxh6 Bxh6 52.Kc2 Bf4 53.Kd3 Bg3 54.h5 gxh5 55.Ke4 Bf2 56.Kf5 Ke7 57.Bd2 h4
58.Bg5+ Kd7 59.Kf6 Ne6 60.Bd2 Bd4 61.Be1 h3 62.Bg3 Bc3 63.Kxf7 Nd8+ 64.Kf8 Nxb7
65.e6+ Kxe6 66.c6 Bxb4+  0-1

[Event "Stare Mesto FIDE Open"]
[Site "Stare Mesto CZE"]
[Date "2011.08.17"]
[Round "7"]
[White "Jurcik,Mart"]
[Black "Cerveny,M"]
[Result "1/2-1/2"]
[WhiteElo "2360"]
[BlackElo "2347"]

1.c4 c6 2.d4 d5 3.Nf3 Nf6 4.Qb3 Qb6 5.Nc3 Bf5 6.c5 Qc7 7.Bf4 Qc8 8.e3 e6
9.Be2 Be7 10.O-O Nbd7 11.Qa4 Nh5 12.Be5 Nhf6 13.Bf4 Nh5 14.Be5 Nhf6  1/2-1/2

[Event "12th Miquel Mas Open"]
[Site "Figueres ESP"]
[Date "2011.08.18"]
[Round "9.19"]
[White "Puig Carres,J"]
[Black "Guzman Maglaya,N"]
[Result "0-1"]
[WhiteElo "1838"]
[BlackElo "1977"]

1.c4 c6 2.g3 d5 3.cxd5 cxd5 4.Bg2 e5 5.d3 Nf6 6.Nc3 Nc6 7.a3 Be7 8.Bg5 Be6
9.Nf3 Qd7 10.O-O h6 11.Bxf6 Bxf6 12.Rb1 O-O 13.Na4 b6 14.Nc3 Rac8 15.Re1 g5
16.Qd2 Bg7 17.Red1 d4 18.Ne4 f5 19.Nexg5 hxg5 20.Qxg5 Bd5 21.Rdc1 Qe6 22.b4 Ne7
23.h4 Rc3 24.Nxd4 exd4 25.e4 Rxc1+ 26.Rxc1 fxe4 27.Rc7 Rf7 28.Kh2 Bc6 29.Rxa7 Qf6
30.dxe4 Qxg5  0-1

[Event "10th Lichtenberger Sommer"]
[Site "Berlin GER"]
[Date "2011.08.19"]
[Round "7.19"]
[White "Dreke,F"]
[Black "Dimitrijeski,K"]
[Result "1-0"]
[WhiteElo "2030"]
[BlackElo "2198"]

1.c4 c6 2.e4 d5 3.cxd5 cxd5 4.exd5 Nf6 5.Nc3 Nxd5 6.Bc4 Nb6 7.Bb3 Nc6 8.Nf3 g6
9.d4 Bg7 10.Be3 O-O 11.O-O Na5 12.Bc2 Nac4 13.Bb3 Bg4 14.h3 Bxf3 15.Qxf3 Qd7
16.Rac1 Nd6 17.Rc2 Rac8 18.Rfc1 Nf5 19.Qe4 Nxd4 20.Rd2 e5 21.Rcd1 Nc4 22.Bxc4 Rxc4
23.Qd5 Qxd5 24.Nxd5 Rd8 25.b3 Rc5 26.Nb4 Rc7 27.Kf1 Rcd7 28.f4 f6 29.Nc2 Bh6
30.Nxd4 exd4 31.Rxd4 Rxd4 32.Rxd4 Rxd4 33.Bxd4 Bxf4 34.Bxa7 Kf7 35.Ke2 Ke6
36.Kd3 Bc7 37.Kc4 Kf5 38.Bf2 Ke4 39.a4 f5 40.b4 g5 41.Kb5 f4 42.a5 f3 43.gxf3+ Kxf3
44.Bb6 Bf4 45.Kc4 h5 46.b5 g4 47.hxg4 h4 48.a6 bxa6 49.bxa6 Bb8 50.g5 h3
51.Bc7 Bxc7 52.a7  1-0

[Event "Malaysian Open"]
[Site "Kuala Lumpur MAS"]
[Date "2011.08.19"]
[Round "3.30"]
[White "Salcedo,Ri"]
[Black "Lee Kah Meng Elgin"]
[Result "0-1"]
[WhiteElo "2222"]
[BlackElo "1985"]

1.c4 c6 2.d4 d5 3.Nf3 Nf6 4.Nc3 dxc4 5.a4 Bf5 6.e3 e6 7.Bxc4 Bb4 8.O-O O-O
9.Qe2 Bg6 10.Ne5 Nbd7 11.Nxg6 hxg6 12.f4 Qe7 13.e4 Nb6 14.Bb3 c5 15.dxc5 Bxc3
16.cxb6 Bd4+ 17.Kh1 Bxb6 18.e5 Nd7 19.Rf3 Rac8 20.Rh3 Rfd8 21.f5 Nf8 22.fxg6 Nxg6
23.Qh5 Qc5 24.Bg5 f6 25.Bxe6+ Kf8 26.Qxg6 Qc1+  0-1

[Event "XLV Mislata Open A"]
[Site "Mislata ESP"]
[Date "2011.08.19"]
[Round "7"]
[White "Gonzalez Aguirre,L"]
[Black "Bosque Ortega,X"]
[Result "1/2-1/2"]
[WhiteElo "2207"]
[BlackElo "2245"]

1.c4 c6 2.g3 d5 3.Bg2 Nf6 4.Nf3 Bf5 5.cxd5 cxd5 6.Qb3 Qb6 7.Qxb6 axb6 8.Nc3 e6
9.O-O Nc6 10.d4 Be7 11.Bf4 Ne4 12.Nb5 O-O 13.Nh4 Bxh4 14.gxh4 Ra4 15.f3 Nf6
16.e3 Rb4 17.Nd6 Rxb2 18.Nxf5 exf5 19.Rfb1 Rxb1+ 20.Rxb1 Nh5 21.Bd6 Rd8 22.Bc7 Re8
23.Kf2 f4 24.e4 dxe4 25.fxe4 Nxd4 26.Bxb6 f3 27.Bh1 Rxe4 28.Bxd4 Rxd4 29.Rxb7 g6
30.Bxf3 Rd2+ 31.Kg1 Rxa2 32.Bxh5 gxh5 33.Rb5 Kg7 34.Rxh5 h6 35.Rf5 Ra4 36.h5 Rg4+
37.Kf2 Rg5 38.Rf3 Rxh5 39.Kg2 Kg6 40.Ra3 Rg5+ 41.Kf2 Rb5 42.Kg3 f5 43.Ra6+ Kh5
44.Kf4 Rb2 45.Kxf5 Rf2+ 46.Ke4 Kg5 47.h4+ Kxh4 48.Ke3 Rf5 49.Ra4+  1/2-1/2

[Event "26th Universiade Men"]
[Site "Shenzhen CHN"]
[Date "2011.08.19"]
[Round "8"]
[White "Swinkels,R"]
[Black "Goh Koon Jong,J"]
[Result "1/2-1/2"]
[WhiteElo "2483"]
[BlackElo "2415"]

1.c4 c6 2.g3 d5 3.Nf3 Nf6 4.Bg2 Bg4 5.Ne5 Be6 6.cxd5 Bxd5 7.Nf3 e5 8.Nc3 Bxf3
9.Bxf3 Bc5 10.d3 O-O 11.O-O Nbd7 12.Rb1 Qe7 13.Bd2 Rfd8 14.Qc2 Nf8 15.Na4 Bb6
16.Nc3 Bc5 17.Na4 Bb6 18.Bc3 Nd5 19.Rfc1 Bc7 20.b4 a6 21.Nc5 Bb6 22.Be1 Ne6
23.Nxe6 Qxe6 24.a4 Nc7 25.Qb2 Qd6 26.Rc4 Bd4 27.Qc2 Ne6 28.Bg2 Bb6 29.Bc3 Bd4
30.Bd2 Bb6 31.Qb2 Bd4 32.Qa2 Ba7 33.Qb2 Bd4 34.Qc1 Bb6 35.Qd1 Bd4 36.Rcc1 Nc7
37.Be1 h6 38.Be4 Qe7 39.Rc4 Ne8 40.Bg2 Nd6 41.Rcc1 Bb6 42.Qc2 Qd7 43.Bc3 Re8
44.Bf3 Rad8 45.Rd1 Qf5 46.Be1 Qf6 47.Qb2 Bd4 48.Qa2 Re7 49.Qb3 Bb6 50.Bc3 Qf5
51.Qb2 Rde8 52.Be1  1/2-1/2

[Event "Stockholm Open"]
[Site "Stockholm SWE"]
[Date "2011.08.19"]
[Round "7"]
[White "Evertsson,L"]
[Black "Annenkov,K"]
[Result "1-0"]
[WhiteElo "2109"]
[BlackElo "2262"]

1.c4 c6 2.Nf3 d5 3.e3 Nf6 4.Nc3 Bf5 5.Qb3 Qb6 6.Qxb6 axb6 7.cxd5 Nxd5 8.Nxd5 cxd5
9.Nd4 Bd7 10.b3 e5 11.Nc2 Nc6 12.Bb2 f6 13.h4 Bd6 14.f3 Ke7 15.Bd3 h5 16.Be2 Ra7
17.O-O Rc8 18.f4 Be8 19.fxe5 fxe5 20.Ne1 Rca8 21.a4 Na5 22.Bd1 Bg6 23.Nf3 Nc6
24.Ng5 Rc8 25.Rc1 Raa8 26.Bc2 Be8 27.Bf5 Rcb8 28.Be6 Ra5 29.Bc3 Rc5 30.b4 Rc4
31.Bxd5 Rxh4 32.e4 Ra8 33.Nf3 Rg4 34.b5 Nd4 35.Bxd4 exd4 36.Rc4 d3 37.Rfc1 Bc5+
38.Kf1 Bd7 39.R1c3 Rf4 40.Rxd3 g5 41.Ke2 Raf8 42.Rb3 g4 43.Nh4 Rf2+ 44.Kd3 Kf6
45.Kc2 Kg5 46.g3 Bd6 47.Bxb7 Bxg3 48.Rxg3 Kxh4 49.Rg1 g3 50.Rc7 Rd8 51.Bd5 g2
52.a5 Bxb5 53.axb6 Bf1 54.b7 Rb8 55.Rh7 Rff8 56.e5 Rfd8 57.Be4 Kg3 58.Bxg2 Bd3+
59.Kc3 Bxh7 60.Bc6+ Kf4 61.d4 Bg8 62.Rf1+ Kg5 63.Rg1+ Kh6 64.Be4 h4 65.e6 Rd6
66.d5 Bh7 67.Bxh7 Rxd5 68.Be4 Re5 69.Kd4 Rxe6 70.Rg4 Rd8+ 71.Kc5 Kh5 72.Bf3 Re3
73.Rg8+ Rxf3 74.Rxd8  1-0